| 000 | 00919cam a22002897a 4500 | ||
|---|---|---|---|
| 001 | 14609634 | ||
| 003 | CEME | ||
| 005 | 20210628201554.0 | ||
| 008 | 061025s2006 enka b 001 0 eng d | ||
| 010 | _a 2006299172 | ||
| 015 |
_aGBA631553 _2bnb |
||
| 016 | 7 |
_a013426101 _2Uk |
|
| 020 | _a0470026766 (hbk.) | ||
| 024 | 3 | _c9780470026762 (hbk.) | |
| 035 | _a(OCoLC)ocm64959139 | ||
| 040 |
_aUKM _cUKM _dBAKER _dBWKUK _dYDXCP _dOCLCQ _dDLC |
||
| 042 | _alccopycat | ||
| 050 | 0 | 0 |
_aTK6570.M6 _bC66 2006 |
| 082 | 0 | 4 |
_a621.384 _222 |
| 100 | 1 |
_aSauter, Martin. _955893 |
|
| 245 | 1 | 0 |
_aCommunication systems for the mobile information society / _cMartin Sauter. |
| 260 |
_aChichester, England ; _aHoboken, NJ : _bJohn Wiley & Sons, _cc2006. |
||
| 300 |
_axxvi, 355 p. : _bill. ; _c26 cm. |
||
| 504 | _aIncludes bibliographical references and index. | ||
| 650 | 0 |
_aMobile communication systems. _918556 |
|
| 942 |
_2ddc _cBK |
||
| 999 |
_c566516 _d566516 |
||